Market view UK (Record no. 111971)

MARC details
000 -LEADER
fixed length control field 01071cad a22001935a 4500
001 - CONTROL NUMBER
control field L152293
008 - FIXED-LENGTH DATA ELEMENTS--GENERAL INFORMATION
fixed length control field 110218s2011 xxk 000 0 eng d
035 ## - SYSTEM CONTROL NUMBER
System control number (Sirsi) u152293
041 0# - LANGUAGE CODE
Language code of text/sound track or separate title eng
110 2# - MAIN ENTRY--CORPORATE NAME
Corporate name or jurisdiction name as entry element EC Harris
9 (RLIN) 4930
245 00 - TITLE STATEMENT
Title Market view UK
Remainder of title winter 2010/2011, possibility of "double dip" and higher commodity prices indicates there may be trouble ahead
Medium [electronic resource]
260 ## - PUBLICATION, DISTRIBUTION, ETC.
Place of publication, distribution, etc. [S.l.]
Name of publisher, distributor, etc. ECHarris
Date of publication, distribution, etc. 2011
520 ## - SUMMARY, ETC.
Summary, etc. 'Double dip' on the cards for construction as housing and public sector workload slumps; construction materials' prices up 7% in the year, labour rates up by just 2%; construction output v tender price index (December 2010); infrastructure tender price index (December 2010); tender conditions and insolvencies; construction company failures in England and Wales.
590 ## - LOCAL NOTE (RLIN)
Local note KA NTK
651 #4 - SUBJECT ADDED ENTRY--GEOGRAPHIC NAME
Geographic name United Kingdom
Chronological subdivision
690 ## - LOCAL SUBJECT ADDED ENTRY--TOPICAL TERM (OCLC, RLIN)
Topical term or geographic name as entry element BUILT ENVIRONMENT-CONSTRUCTION MARKET
856 40 - ELECTRONIC LOCATION AND ACCESS
Uniform Resource Identifier <a href="https://www.echarris.com/pdf/7854_Market%20view_WINTER%202010_2011_FINAL.pdf">https://www.echarris.com/pdf/7854_Market%20view_WINTER%202010_2011_FINAL.pdf</a>
Public note View the item free of charge at www.echarris.com
942 ## - ADDED ENTRY ELEMENTS (KOHA)
Suppress in OPAC 0
Holdings
Withdrawn status Lost status Source of classification or shelving scheme Damaged status Not for loan Home library Current library Shelving location Date acquired Total Checkouts Full call number Barcode Date last seen Copy number Price effective from Koha item type
    Dewey Decimal Classification     Virtual Virtual Online 18/02/2011   ONLINE PUBLICATION 152293-2001 06/08/2019 1 06/08/2019 Book